Регионална библиотека "Любен Каравелов" - Русе

Показалец на печатаните през 19 век български народни песни (Запис номер 345730)

MARC детайли
000 -Лидер
Контролно поле с фиксирана дължина 01677nam a2200349 c 4500
003 - Код на организацията, давaща контролен номер
Контролно поле BLK
005 - Дата и час на последна редакция
Контролно поле 20230406030502.0
008 - Елементи от данни с фиксирана дължина
fixed length control field 180911b bul|||||r ||||||| ||bul||
010 ## - Наследен системен номер
LC control number 002380
040 ## - Източник на каталожния запис
Идентификатор на билиотеката - собственик на записа BLK
041 ## - Код за език
Код за езика на текст/звукозапис или на отделно заглавие Български
Код за езика КДБФ Български
080 ## - УДК
УДК - код + определител 016:886.7-1886.7-1(01)
100 1# - Редна дума - Автор
Автор СТОИЛОВ, Антон
Авторска отговорност първи автор
R(LIN) 396917
245 00 - Сведения за заглавието
Заглавие Показалец на печатаните през 19 век български народни песни
Том Т. 2
Заглавие на том 1861-1878
260 ## - Област на издателските данни
Място на издаване, разпространение и проч. София
Име на издателя, разпространителя и проч. БАН, фонд Напредък
Година на издаване 1916 - 1918
Печатница Царска придворна печ.
300 ## - Физическа характеристика
Страници VIII, 359 с
Размери/Мащаб 20 см
380 ## - Жанр
Жанр Общ отдел
490 ## - СЕРИИ (Колекции)
Име на серия Българска библ
490 ## - СЕРИИ (Колекции)
Име на серия Частна колекция - Академик Михаил Арнаудов
Бележки за серията Дарение - Основен фонд
500 ## - Общи забележки
Забележка Михаил Арнаудов: негови-книга. - Подчертавания в текста. - Част от телеграма отбелязва място в книгата : с. 168. - Автограф с текст: На своя приятел проф. Д-р М. Арнаудов
650 #4 - Допълнително описание по предмет – тема
Основно описание – тема или топоним Българска литература
9 (RLIN) 243597
650 ## - Допълнително описание по предмет – тема
Основно описание – тема или топоним Песни
9 (RLIN) 166108
650 ## - Допълнително описание по предмет – тема
Основно описание – тема или топоним Поезия
9 (RLIN) 166642
655 ## - Ключова дума – жанр/разновидност
Данни за жанр/разновидност или ключова дума за фокус Библиографии
700 1# - Други автори (авторска отговорност)
Лично име Стоилов, Антон П.
9 (RLIN) 397816
852 ## - Местоположение
Форматна сигнатура МА 1049
Фондова буква Фонд "Михаил Арнаудов"
999 ## - СИСТЕМНИ КОНТРОЛНИ НОМЕРА
Koha biblionumber 345730
Koha biblioitemnumber 345730
942 ## - АРТИКУЛИ
Вид на библиотечния материал Книги
Скрит в OPAC Не
Периодичен библиозапис Да
944 ## - СЪЗДАВАНЕ И РЕДАКЦИЯ на ЗАПИСА
Създаване/Редакция Създаване
Дата на регистрацията/редакция 1996
Служител, извършил регистрацията/редакцията ValK
999 ## - СИСТЕМНИ КОНТРОЛНИ НОМЕРА
Koha biblioitemnumber 345730
999 ## - СИСТЕМНИ КОНТРОЛНИ НОМЕРА
Koha biblioitemnumber 345730
999 ## - СИСТЕМНИ КОНТРОЛНИ НОМЕРА
Koha biblioitemnumber 342726
Наличности
Код за отписване Код за изгубен артикул Източник на класификационната схема Код за повреда Коз за рестрикции Код за отдаване Артикулен № Име на библиотеката - собственик Име на библиотеката, в която се намира в момента Статус (Текущо местоположение) Местоположение - отдел Цена в лева Номерация (Хронология) Инвентарен номер Систематично азбучна сигнатура Баркод Номер на екземпляра Цена в евро Служебен тип на артикула
  Не е изгубен Universal Decimal Classification Не е повреден без рестрикции Специални фондове ( старопечатни, редки и ценни, фонд М. Арнаудов) 742854 Регионална библиотека "Любен Каравелов" Русе Регионална библиотека "Любен Каравелов" Русе Фонд "Михаил Арнаудов" Фонд "Михаил Арнаудов" 8.00 Автограф: Антон Стоилов 588600 МА 1049 120000588600 2 4.09 Книги
Vip Innovations Ltd, Rousse, Bulgaria 2025